Statistiques concernant Liste des 23 - Equipe d'Allemagne - EURO 2016

Cliquez ici pour prendre le quiz!

Statistiques générales

  • Ce quiz a été pris 106 fois
  • Le résultat moyen est 17 sur 24

Statistiques - réponses

PosteNuméroJoueursClub% Correct
G1Manuel NeuerBayern Munich
100%
G22Marc-André ter StegenFC Barcelone
96%
MOC8Mesut ÖzilArsenal FC
96%
MOC13Thomas MüllerBayern Munich
95%
MC18Toni KroosReal Madrid
92%
DC17Jérôme BoatengBayern Munich
91%
DC5Mats HummelsBorussia Dortmund
91%
MC6Sami KhediraJuventus Turin
87%
DC / MC14Emre CanLiverpool FC
78%
SEL/Joachim Löw/
76%
MDC21Joshua KimmichBayern Munich
75%
MC7Bastian SchweinsteigerManchester United
73%
BU23Mario GómezBesiktas
73%
AT19Mario GötzeBayern Munich
68%
G12Bernd LenoBayer Leverkusen
67%
MC11Julian DraxlerVfL Wolfsbourg
62%
MD10Lukas PodolskiGalatasaray
59%
DG3Jonas HectorFC Cologne
58%
AD20Leroy SanéSchalke 04
57%
DC2Shkodran MustafiValence CF
56%
DC4Benedikt HöwedesSchalke 04
52%
DC16Jonathan TahBayer Leverkusen
41%
MOC9André SchürrleVfL Wolfsbourg
35%
MC15Julian WeiglBorussia Dortmund
14%

Distribution des résultats

Percentile par nombre de réponses

% des personnes avec chaque résultat

Votre développement - résultats

Vous n’avez pas pris ce quiz